banner-ar

العاطفة والجنس بين الرجل والمرأة مسائل حول صحة الحياة الجنسية وخللها (Record no. 36318)

MARC details
000 -الفاتح
حقل البيانات ثابتة الطول 00439nam a2200133Ia 4500
008 - عناصر البيانات ثابتة الطول - معلومات عامة
حقل البيانات ثابتة الطول 140319s9999 xx 000 0 ara d
040 ## - مصدر الفهرسة
وكالة الفهرسة الأصلية GCL /
وكالة النسخ GCL
082 04 - رقم تصنيف ديوى العشرى
رقم التصنيف 301.417
رقم المادة ش ع
245 10 - بيان العنوان
العنوان العاطفة والجنس بين الرجل والمرأة مسائل حول صحة الحياة الجنسية وخللها
260 ## - PUBLICATION, DISTRIBUTION, ETC. (IMPRINT)
تاريخ النشر أو التوزيع 1986
300 ## - الوصف المادى
التعداد 362 ص
490 ## - بيان السلسلة
عنوان السلسلة
260 ## - PUBLICATION, DISTRIBUTION, ETC. (IMPRINT)
-- [S.N] :
-- دار الاندلس للاعلام ،
Holdings
حالة التراجع حالة الفقد حالة تلف ليس للاعارة المكان المؤقت الموقع الحالى تاريخ الاكتساب اجمالي اﻻعارات رقم الطلب الباركود تاريخ اخر مشاهدة تاريخ تفعيل السعر نوع وعاء كوها
        مكتبة القاهرة الكبرى مكتبة القاهرة الكبرى 03/26/2014   301.417\ش ع 88345 03/26/2014 03/26/2014 كتاب

Powered By

EGPV